| 000 | 00541ntaaa2200181 4500 | ||
|---|---|---|---|
| 003 | 01 | ||
| 005 | 20251027202214.0 | ||
| 008 | 0714s1973 ag 01 | ||
| 040 |
_aAR-BaBN _bspa _cAR-BaBN _eaacr _dRIC |
||
| 082 | _a267.7000 D87 | ||
| 245 | _aGuía para los consejeros de los Embajadores del Rey | ||
| 250 | _a3 ed. | ||
| 260 |
_aEl Paso : _bCasa Bautista de Publicaciones, _c1966 |
||
| 300 | _a48 p | ||
| 500 | _aEjs. 3-6 (20355, 20356, 20357 and 20358) retirados definitivamente de biblioteca | ||
| 650 | _aEmbajadores del Rey | ||
| 942 | _cBK | ||
| 999 |
_c16946 _d16946 |
||